000 01086nam a22003257a 4500
003 CHAP
005 20220329134426.0
008 971013s1979 r 00010 d
010 _a20309
011 _a21281
035 _a25371
040 _cCHAP
090 _aTesis
100 0 0 _aArciniega Najera, Cecilia Cristina.
_96831
245 _aContabilidad de costos en una empresa porcina
260 _aMéxico, D.F., :
_bEl autor,
_c1979
300 _a40 h.
_b; gráfs
502 _aTesis (Médico Veterinario Zootecnista) -- UNAM. Fac. de Medicina Veterinaria y Zootecnia
590 _aALEPH
_b10
_c20130110
_lUCH01
_h1243
590 _aBATCH-UPD
_b10
_c20130110
_lUCH01
_h1602
590 _aBATCH-UPD
_b10
_c20130410
_lUCH01
_h0959
590 _aBATCH-UPD
_b10
_c20130914
_lUCH01
_h1039
590 _aCONVERSION
_b10
_c20130109
_lUCH01
_h1312
650 1 4 _aAgricultura
_xContabilidad.
_91378
650 1 4 _aContabilidad de costos.
_927425
650 1 4 _aGanado porcino
_xCostos de producción.
_945348
901 _aBK
942 _cTESIS
949 _bBC
_cTES
_d253711
_eTS1
_h31996
_i25371
_sb
999 _c20309
_d20309